000 00722nam a22002417i 4500
003 URS
005 20220114152841.0
008 180219b xxu||||| |||| 00| 0 eng d
020 _a9789715506977
040 _erda
_cURSP-College Library
_beng
050 _aHF5387
_b174.4 B87b 2014
100 1 _aBulaong,Jr.,Oscar
245 _aBusiness ethics in asia, issues & cases
264 1 _aQuezon City
_bAteneo De Manila University Press.
_c2014.
300 _aix, 175 pages
_billustrations
_c23cm
336 _atext
_btxt
_2rdacontent
337 _aunmediated
_bn
_2rdamedia
338 _avolume
_bnc
_2rdacarrier
500 _aIncludes references
650 0 _aBusiness ethics.
700 1 _aDewi, Ike Janita
942 _cF
_2lcc
999 _c7724
_d7724